Hospodářská komora ČR ustavena.
Konštituovanie novej samosprávnej inštitúcie podnikateľského stavu Hospodárskej komory ČR v marci 1993. Odlišnosti HK ČR od SOPK. Vznik okresných hospodárskych komôr, zriadenie odborných sekcií a špecifikácia ich úloh.
Salvato in:
| Autore principale: | |
|---|---|
| Natura: | Capitolo di libro |
| Lingua: | ceco |
| Soggetti: | |
| Tags: |
Nessun Tag, puoi essere il primo ad aggiungerne!!
|
MARC
| LEADER | 00000naa a2200000 4500 | ||
|---|---|---|---|
| 001 | r013591 | ||
| 005 | 20221205080513.8 | ||
| 041 | 0 | |a cze | |
| 044 | |a CZ | ||
| 245 | 1 | 0 | |a Hospodářská komora ČR ustavena. |c V. Pick |
| 520 | |a Konštituovanie novej samosprávnej inštitúcie podnikateľského stavu Hospodárskej komory ČR v marci 1993. Odlišnosti HK ČR od SOPK. Vznik okresných hospodárskych komôr, zriadenie odborných sekcií a špecifikácia ich úloh. | ||
| 610 | 2 | 0 | |a Hospodářská komora ČR Praha |
| 610 | 2 | 0 | |a 1993 |
| 610 | 2 | 0 | |a podnikanie |
| 610 | 2 | 0 | |a komory hospodárske |
| 610 | 2 | 0 | |a komory obchodné |
| 100 | 1 | |a Pick, V. | |